Nazrana / (Record no. 46947)

MARC details
000 -LEADER
fixed length control field 01137njm a22003017a 4500
005 - DATE AND TIME OF LATEST TRANSACTION
control field 2010092001021.0
006 - FIXED-LENGTH DATA ELEMENTS--ADDITIONAL MATERIAL CHARACTERISTICS--GENERAL INFORMATION
fixed length control field a|||||r|||||00| 0
007 - PHYSICAL DESCRIPTION FIXED FIELD--GENERAL INFORMATION
fixed length control field sd ammalaaahaa
008 - FIXED-LENGTH DATA ELEMENTS--GENERAL INFORMATION
fixed length control field 100913t xxu||||| |||| 00| 0 hin d
028 ## - PUBLISHER NUMBER
Publisher number SFLP-1117
Source Super
035 ## - SYSTEM CONTROL NUMBER
System control number GR-03919
040 ## - CATALOGING SOURCE
Original cataloging agency SED/VEN
100 ## - MAIN ENTRY--PERSONAL NAME
Personal name Kishor Kumar
9 (RLIN) 1184
245 ## - TITLE STATEMENT
Title Nazrana /
Statement of responsibility, etc by Kishor Kumar ;music by LaxmiKant Pyarelal ; lyric by Anad Bakshi
Medium [sound recording] :
246 ## - VARYING FORM OF TITLE
Title proper/short title नजराना / किशोर कुमार
260 ## - PUBLICATION, DISTRIBUTION, ETC. (IMPRINT)
Place of publication, distribution, etc Dum Dum India
Name of publisher, distributor, etc His master's voice
Date of publication, distribution, etc 1986
300 ## - PHYSICAL DESCRIPTION
Extent 1 sound disc [Gramophone record] :
Other physical details analog, 33 1/3 rpm
Dimensions 12.5 in. (LP)
Type of unit Gramophone Record
500 ## - GENERAL NOTE
General note Brief Record
500 ## - GENERAL NOTE
General note Record label :Super, Magenta
505 ## - FORMATTED CONTENTS NOTE
Formatted contents note Side 1 (Isse pehle) (Kishor Kumar); Side--2 (Kah de jamane se)(Anuradha Paudwal)
600 ## - SUBJECT ADDED ENTRY--PERSONAL NAME
Personal name Mangeskar, lata
9 (RLIN) 19992
650 ## - SUBJECT ADDED ENTRY--TOPICAL TERM
Topical term or geographic name as entry element Film Music
General subdivision Excerpts
Geographic subdivision India
9 (RLIN) 20525
650 ## - SUBJECT ADDED ENTRY--TOPICAL TERM
9 (RLIN) 20526
700 ## - ADDED ENTRY--PERSONAL NAME
9 (RLIN) 19604
Personal name LaxmiKant Pyarelal
700 ## - ADDED ENTRY--PERSONAL NAME
9 (RLIN) 19605
Personal name Anad Bakshi
942 ## - ADDED ENTRY ELEMENTS (KOHA)
Source of classification or shelving scheme Dewey Decimal Classification
Item type Gramaphone Records
Holdings
Withdrawn status Lost status Source of classification or shelving scheme Damaged status Not for loan Collection code Home library Current library Date acquired Source of acquisition Total Checkouts Barcode Date last seen Copy number Price effective from Koha item type
    Dewey Decimal Classification   Not For Loan Non-fiction Central Library Central Library 20/09/2010 SED/VEN   GR-03919 20/09/2010 1 20/09/2010 Gramaphone Records

© Delhi Public Library
Hit Counter
free hit counter